| 000 | 00864 am a2200253ua 4500 | ||
|---|---|---|---|
| 001 | 011307191 | ||
| 005 | 20140302114946.0 | ||
| 008 | 900131s1988 xxkc gr 000 0 eng d | ||
| 020 | _a014009136X (pbk) | ||
| 040 |
_aUk _cUk |
||
| 043 | _ae-uk--- | ||
| 082 | 0 | 4 |
_a658.00941 _222 _bRIT |
| 100 | 1 |
_aRitchie, Berry _935106 |
|
| 245 | 1 | 4 |
_aThe new elite : _bBritain's top chief executives / _cBerry Ritchie and Walter Goldsmith. |
| 260 |
_aLondon : _bPenguin Books, _c1988 _eBungay, United Kingdom : _fRichard Clay Ltd.) |
||
| 300 |
_aix, 179 p. : _bportraits ; _c22 cm. |
||
| 500 | _aIncludes appendix. | ||
| 650 | 0 |
_aExecutive ability _935107 _zGreat Britain |
|
| 650 | 0 |
_aSuccess in business _935108 _zGreat Britain |
|
| 653 |
_bBUSADM _cFebruary2014 |
||
| 655 |
_vreading book _934232 |
||
| 700 | 1 |
_aGoldsmith, Walter, _d1938- _935109 |
|
| 942 |
_2ddc _k658.00941 RIT |
||
| 999 |
_c18044 _d18016 |
||